000 00309nam a2200133Ia 4500
008 190216s9999||||xx |||||||||||||| ||und||
100 _aBrijesh Kishore Sharma
245 0 _aNuclear Chemistry
250 _a1st Ed.
260 _bGoel Pub House
300 _a211
650 _aChemistry-Chemistry
942 _cBK
999 _c2170
_d2170